Business computer systems: an introduction

Uloženo v:
Podrobná bibliografie
Hlavní autor: Kroenke, David M (Autor)
Médium: Kniha
Jazyk:angličtina
Vydáno: Santa Cruz Mitchell 1981
Témata:
Tagy: Přidat tag
Žádné tagy, Buďte první, kdo vytvoří štítek k tomuto záznamu!

MARC

LEADER 00000nam a2200000 a 4500
001 UCQ1745
003 CL-VaPUC
008 980721e19810000US |||||||||||||||||eng|d
082 0 4 |a 658.05  |b KRO  |2 21 
100 |a Kroenke, David M  |e author  |9 415541 
245 1 0 |a Business computer systems: an introduction 
300 |a 579 p 
942 |c BK 
945 |d 19980721 00:00:00  |a cmena 
260 |a Santa Cruz  |b Mitchell  |c 1981 
650 0 |a Administración de empresas   |9 260833 
650 0 |a Empresas   |9 255569 
650 0 |a Aplicaciones de computadores  |9 260401 
650 7 |a PROCESAMIENTO DE INFORMACION  |2 CL-VaPUC  |9 410394 
650 0 |a Toma de decisiones   |9 257530 
650 0 |a Software  |9 387312 
583 |a last modification  |c 19980721 00:00:00  |k Rodrigo Vera 
999 |c 272589  |d 272587 
952 |0 0  |1 0  |4 0  |6 658_050000000000000_KRO_1981  |7 0  |8 P  |9 307700  |a BIBGIM  |b BIBGIM  |d 2019-11-20  |i 1437615  |o 658.05 KRO 1981  |p 1437615  |r 2025-01-15  |w 2019-11-20  |y BK  |k COM